| 000 | 00356cam a22001097a 4500 | ||
|---|---|---|---|
| 008 | 180718b1969 xxu||||| |||| 00| 0 eng d | ||
| 082 | _aB71103x5451 An24/1967r | ||
| 100 | _aAndhra Pradesh. Panchayati Raj Department | ||
| 245 | _aStatutory rules under the Andhra Pradesh gram panchayats act, 1964 | ||
| 260 |
_aHyderabad _bThe author _c1969 |
||
| 300 | _a303+p. | ||
| 999 |
_c488538 _d488538 |
||